[Event "Philip Hogarty Memorial IM 2019"]
[Site "Stillorgan"]
[Date "2019.01.04"]
[Round "5"]
[White "O`Gorman, Tom"]
[Black "Sodoma, Jan"]
[Result "0-1"]
[WhiteElo "2153"]
[BlackElo "2324"]
[Annotator "ChessBase"]
[PlyCount "124"]
[EventDate "2019.01.02"]
[EventType "tourn"]
[EventCountry "IRL"]
[SourceTitle "playchess.com"]
[Source "ChessBase"]
[SourceQuality "1"]
[TimeControl "5400+30"]

1. e4 {[%emt 0:00:00]} e5 {[%emt 0:00:00]} 2. Nf3 {[%emt 0:00:00]} Nc6 {[%emt 0:00:00]} 3. Bb5 {[%emt 0:00:00]} a6 {[%emt 0:00:00]} 4. Ba4 {[%emt 0:00:00]} Nf6 {[%emt 0:00:05]} 5. O-O {[%emt 0:00:00]} Be7 {[%emt 0:00:08]} 6. Re1 {[%emt 0:00:01]} b5 {[%emt 0:00:08]} 7. Bb3 {[%emt 0:00:04]} O-O {[%emt 0:00:39]} 8. c3 {[%emt 0:00:03]} d6 {[%emt 0:00:35]} 9. h3 {[%emt 0:00:05]} Na5 {[%emt 0:00:08]} 10. Bc2 {[%emt 0:00:06]} c5 {[%emt 0:00:06]} 11. d4 {[%emt 0:00:06]} Nd7 {[%emt 0:00:51]} 12. Nbd2 {[%emt 0:00:37]} exd4 {[%emt 0:00:23]} 13. cxd4 {[%emt 0:00:08]} Re8 {[%emt 0:00:05]} 14. Nf1 {[%emt 0:01:28]} Bb7 {[%emt 0:00:23]} 15. Ng3 {[%emt 0:00:52]} g6 {[%emt 0:00:07]} 16. d5 {[%emt 0:05:11]} Nc4 {[%emt 0:03:32]} 17. Nh2 {[%emt 0:03:49]} Bh4 {[%emt 0:01:41]} 18. Ng4 {[%emt 0:06:53]} Nce5 {[%emt 0:10:24]} 19. Nh6+ {[%emt 0:08:52]} Kh8 {[%emt 0:05:25]} 20. Qd2 {[%emt 0:06:52]} Qe7 {[%emt 0:11:24]} 21. Kh2 {[%emt 0:03:39]} Qf8 {[%emt 0:02:29]} 22. Ng4 {[%emt 0:08:10]} Nxg4+ {[%emt 0:02:18]} 23. hxg4 {[%emt 0:00:08]} f6 {[%emt 0:02:32]} 24. Qh6 {[%emt 0:15:30]} Qxh6 {[%emt 0:01:40]} 25. Bxh6 {[%emt 0:00:08]} Ne5 {[%emt 0:00:22]} 26. Kh3 {[%emt 0:04:00]} Bxg3 {[%emt 0:04:33]} 27. Kxg3 {[%emt 0:00:17]} g5 {[%emt 0:02:42]} 28. f4 {[%emt 0:01:26]} gxf4+ {[%emt 0:13:15]} 29. Bxf4 {[%emt 0:01:48]} Rg8 {[%emt 0:00:14]} 30. Bxe5 {[%emt 0:00:05]} fxe5 {[%emt 0:00:10]} 31. Bd1 {[%emt 0:00:30]} Raf8 {[%emt 0:04:21]} 32. Rh1 {[%emt 0:08:12]} Rg6 {[%emt 0:03:25]} 33. Bf3 {[%emt 0:01:36]} Bc8 {[%emt 0:01:12]} 34. Rh5 {[%emt 0:02:25]} h6 {[%emt 0:01:50]} 35. b4 {[%emt 0:13:54]} Rf4 {[%emt 0:05:41]} 36. bxc5 {[%emt 0:01:25]} Bxg4 {[%emt 0:00:15]} 37. Bxg4 {[%emt 0:00:19]} Rfxg4+ {[%emt 0:03:26]} 38. Kh3 {[%emt 0:01:14]} Rg3+ {[%emt 0:04:25]} 39. Kh2 {[%emt 0:00:07]} Rxg2+ {[%emt 0:00:04]} 40. Kh1 {[%emt 0:00:04]} dxc5 {[%emt 0:04:17]} 41. Rd1 {[%emt 0:02:39]} R2g5 {[%emt 0:02:34]} 42. Rxg5 {[%emt 0:00:07]} Rxg5 {[%emt 0:01:08]} 43. d6 {[%emt 0:00:02]} Rg8 {[%emt 0:00:10]} 44. Rd5 {[%emt 0:00:01]} Rd8 {[%emt 0:00:17]} 45. Rxe5 {[%emt 0:01:11]} Rxd6 {[%emt 0:00:18]} 46. Rxc5 {[%emt 0:00:04]} Kg7 {[%emt 0:04:28]} 47. Kg2 {[%emt 0:01:26]} Rd2+ {[%emt 0:00:32]} 48. Kf3 {[%emt 0:08:26]} Rxa2 {[%emt 0:00:08]} 49. Kf4 {[%emt 0:00:00]} b4 {[%emt 0:05:06]} 50. Rc7+ {[%emt 0:00:00]} Kf8 {[%emt 0:00:33]} 51. Rb7 {[%emt 0:00:00]} a5 {[%emt 0:00:10]} 52. Kf5 {[%emt 0:00:00]} h5 {[%emt 0:01:06]} 53. Kf6 {[%emt 0:00:00]} Rf2+ {[%emt 0:00:24]} 54. Kg5 {[%emt 0:00:00]} h4 {[%emt 0:00:31]} 55. Kxh4 {[%emt 0:00:00]} Rf4+ {[%emt 0:01:07]} 56. Kg5 {[%emt 0:00:00]} Rxe4 {[%emt 0:00:15]} 57. Kf6 {[%emt 0:00:00]} Ke8 {[%emt 0:00:44]} 58. Ra7 {[%emt 0:00:00]} b3 {[%emt 0:00:44]} 59. Rxa5 {[%emt 0:00:47]} Rb4 {[%emt 0:00:06]} 60. Ra1 {[%emt 0:01:16]} b2 {[%emt 0:00:09]} 61. Rb1 {[%emt 0:00:06]} Kd7 {[%emt 0:00:04]} 62. Ke5 {[%emt 0:00:05]} Kc6 {[%emt 0:00:06]} 0-1

[Event "Philip Hogarty Memorial IM 2019"]
[Site "Stillorgan"]
[Date "2019.01.05"]
[Round "6"]
[White "Sodoma, Jan"]
[Black "Wall, Gavin"]
[Result "1/2-1/2"]
[WhiteElo "2324"]
[BlackElo "2330"]
[Annotator "NA"]
[PlyCount "46"]
[EventDate "2019.01.02"]
[EventType "tourn"]
[EventCountry "IRL"]
[SourceTitle "playchess.com"]
[Source "ChessBase"]
[SourceQuality "1"]
[TimeControl "5400+30"]

1. d4 {[%emt 0:00:00]} f5 {[%emt 0:00:00]} 2. g3 {[%emt 0:00:00]} Nf6 {[%emt 0:00:00]} 3. Bg2 {[%emt 0:00:01]} g6 {[%emt 0:00:00]} 4. b3 {[%emt 0:00:08]} Bg7 {[%emt 0:00:00]} 5. Bb2 {[%emt 0:00:08]} O-O {[%emt 0:00:00]} 6. Nd2 {[%emt 0:01:16]} d6 {[%emt 0:03:58]} 7. Ngf3 {[%emt 0:01:00]} Nc6 {[%emt 0:00:17]} 8. O-O {[%emt 0:00:13]} Qe8 {[%emt 0:01:15]} 9. Re1 {[%emt 0:01:40]} e5 {[%emt 0:00:45]} 10. dxe5 {[%emt 0:00:22]} dxe5 {[%emt 0:02:34]} 11. e4 {[%emt 0:00:17]} f4 {[%emt 0:00:08]} 12. b4 {[%emt 0:26:51]} fxg3 {[%emt 0:03:56]} 13. fxg3 {[%emt 0:03:05]} Qe7 {[%emt 0:01:35]} 14. a3 {[%emt 0:03:18]} a5 {[%emt 0:00:02]} 15. c3 {[%emt 0:10:54]} Bh6 {[%emt 0:10:30]} 16. Qe2 {[%emt 0:01:28]} Be6 {[%emt 0:06:28]} 17. Kh1 {[%emt 0:03:09]} Ng4 {[%emt 0:03:34]} 18. Nf1 {[%emt 0:02:30]} Qf7 {[%emt 0:00:24]} 19. Bc1 {[%emt 0:04:19]} Bc4 {[%emt 0:06:56]} 20. Qb2 {[%emt 0:00:02]} Bxc1 {[%emt 0:11:30]} 21. Raxc1 {[%emt 0:00:23]} Bxf1 {[%emt 0:05:19]} 22. Rxf1 {[%emt 0:00:11]} Qc4 {[%emt 0:00:43]} 23. Rfe1 {[%emt 0:03:51]} Kh8 {[%emt 0:12:42]} 1/2-1/2

[Event "Philip Hogarty Memorial IM 2019"]
[Site "Stillorgan"]
[Date "2019.01.05"]
[Round "6"]
[White "Brady, Stephen"]
[Black "Greet, Andrew N"]
[Result "0-1"]
[WhiteElo "2314"]
[BlackElo "2420"]
[Annotator "TA"]
[PlyCount "88"]
[EventDate "2019.01.02"]
[EventType "tourn"]
[EventCountry "IRL"]
[SourceTitle "playchess.com"]
[Source "ChessBase"]
[SourceQuality "1"]

{[%evp 27,88,-36,-31,-81,-84,-97,-104,-88,-89,-133,-70,-79,-75,-80,-70,-181,-184,-332,-333,-317,-87,-100,-93,-95,-94,-92,-94,-93,-97,-120,-89,-104,-111,-104,-109,-152,-147,-145,-151,-155,-152,-124,-108,-205,-142,-257,-252,-231,-183,-182,-127,-125,-121,-316,-279,-343,-331,-295,-291,-929,-928,-880,-869]} 1. e4 e6 2. d4 d5 3. e5 c5 4. c3 Qb6 5. Nf3 Nc6 6. Be2 cxd4 7. cxd4 Nh6 8. b3 Nf5 9. Bb2 Bb4+ 10. Kf1 O-O 11. g4 Nh6 {C02: French: Advance Variation} 12. Rg1 f6 13. exf6 Rxf6 14. g5 Rxf3 $1 {LiveBook: 4 Games} 15. gxh6 Rf7 16. Rxg7+ Rxg7 17. hxg7 Qc7 {[%mdl 64] Double Attack} ({Don't play} 17... Kxg7 $6 18. Bd3 $11) 18. Kg1 $146 ({Predecessor:} 18. Kg2 Qxg7+ 19. Kh1 {0-1 (34) Inkiov,V (2472)-Justo,D (2320) France 2009}) 18... Qf4 ({But not} 18... Kxg7 19. Nd2 $15) (18... Qxg7+ $17 19. Kh1 Kh8) 19. Qd3 $15 Bd6 ({Much worse is} 19... Kxg7 $6 20. Qg3+ Qxg3+ 21. hxg3 $11) 20. Qg3 Nxd4 21. Bd3 (21. Nc3 $15) 21... Nf3+ $1 $19 22. Kh1 (22. Kf1 $142 Nxh2+ 23. Kg2 Qxg3+ 24. fxg3) 22... Qxg3 23. hxg3 {[#]} Be5 $2 (23... Ne1 $1 $19 {[%cal Re1d3] has better winning chances.} 24. Be2 Nc2) 24. Bxe5 Nxe5 25. Be2 Bd7 26. f4 Nc6 27. Na3 Kxg7 28. Rc1 Kf6 29. Kg2 Be8 30. Nb5 Rd8 31. Rd1 Bg6 32. Kf2 a6 33. Nd4 Nxd4 34. Rxd4 $17 {[%mdl 4096] Endgame KRB-KRB} Rc8 35. Bd1 (35. Rb4 $17) 35... Rc3 36. g4 (36. Rb4 $17) 36... Be4 $19 37. Rb4 b5 38. a4 {[#]} Bd3 (38... e5 $1 $19 {[%cal Re5f4]} 39. axb5 axb5 40. fxe5+ Kxe5 41. Rxb5 Rh3) 39. axb5 $17 Bxb5 40. Bf3 $2 (40. Rd4 $17 {is a better defense.}) 40... h6 41. f5 Rd3 42. fxe6 Kxe6 {Strongly threatening ...d4.} 43. Bg2 $2 (43. Kg3) 43... Ke5 $19 44. Bf1 Rd4 {Accuracy: White = 37%, Black = 58%.} 0-1

[Event "Philip Hogarty Memorial IM 2019"]
[Site "Stillorgan"]
[Date "2019.01.05"]
[Round "6"]
[White "De Verdier, Michael"]
[Black "Li, Henry"]
[Result "1-0"]
[WhiteElo "2277"]
[BlackElo "2193"]
[Annotator "NA"]
[PlyCount "77"]
[EventDate "2019.01.02"]
[EventType "tourn"]
[EventCountry "IRL"]
[SourceTitle "playchess.com"]
[Source "ChessBase"]
[SourceQuality "1"]
[TimeControl "5400+30"]

1. c4 {[%emt 0:00:00]} Nf6 {[%emt 0:00:00]} 2. Nc3 {[%emt 0:00:00]} g6 {[%emt 0:00:00]} 3. e4 {[%emt 0:00:12]} d6 {[%emt 0:00:05]} 4. d4 {[%emt 0:00:07]} Bg7 {[%emt 0:00:07]} 5. Bd3 {[%emt 0:00:45]} O-O {[%emt 0:00:52]} 6. Nge2 {[%emt 0:00:34]} Nc6 {[%emt 0:00:18]} 7. O-O {[%emt 0:00:27]} e5 {[%emt 0:01:33]} 8. d5 {[%emt 0:03:58]} Nd4 {[%emt 0:01:01]} 9. Nxd4 {[%emt 0:00:17]} exd4 {[%emt 0:00:02]} 10. Ne2 {[%emt 0:00:31]} Re8 {[%emt 0:00:19]} 11. f3 {[%emt 0:00:08]} c5 {[%emt 0:02:33]} 12. Bg5 {[%emt 0:01:11]} a6 {[%emt 0:02:58]} 13. Qd2 {[%emt 0:06:57]} Rb8 {[%emt 0:02:19]} 14. Ng3 {[%emt 0:04:55]} b5 {[%emt 0:02:00]} 15. b3 {[%emt 0:01:44]} Qb6 {[%emt 0:07:14]} 16. Rab1 {[%emt 0:09:31]} Nd7 {[%emt 0:06:01]} 17. f4 {[%emt 0:01:38]} Bf6 {[%emt 0:04:45]} 18. Bxf6 {[%emt 0:12:19]} Nxf6 {[%emt 0:00:02]} 19. h3 {[%emt 0:00:33]} Qc7 {[%emt 0:05:00]} 20. Rbe1 {[%emt 0:01:49]} Nd7 {[%emt 0:03:54]} 21. e5 {[%emt 0:14:56]} dxe5 {[%emt 0:05:33]} 22. f5 {[%emt 0:01:13]} Qd8 {[%emt 0:10:16]} 23. Qh6 {[%emt 0:10:35]} Rb6 {[%emt 0:05:57]} 24. d6 {[%emt 0:04:40]} e4 {[%emt 0:13:46]} 25. Nxe4 {[%emt 0:01:49]} Rxe4 {[%emt 0:00:33]} 26. fxg6 {[%emt 0:01:21]} hxg6 {[%emt 0:02:44]} 27. Rxe4 {[%emt 0:00:54]} Qf8 {[%emt 0:00:23]} 28. Qf4 {[%emt 0:01:33]} Rxd6 {[%emt 0:00:42]} 29. Rfe1 {[%emt 0:01:46]} Nf6 {[%emt 0:03:08]} 30. Re7 {[%emt 0:00:16]} Rb6 {[%emt 0:01:38]} 31. g4 {[%emt 0:04:55]} b4 {[%emt 0:09:23]} 32. Qe5 {[%emt 0:04:16]} Bxg4 {[%emt 0:05:18]} 33. hxg4 {[%emt 0:01:39]} Nxg4 {[%emt 0:00:01]} 34. Qxc5 {[%emt 0:03:09]} Re6 {[%emt 0:01:47]} 35. R1xe6 {[%emt 0:02:10]} fxe6 {[%emt 0:00:06]} 36. Qxd4 {[%emt 0:00:06]} Qxe7 {[%emt 0:00:12]} 37. Qxg4 {[%emt 0:00:01]} g5 {[%emt 0:00:14]} 38. Kg2 {[%emt 0:00:38]} Qf6 {[%emt 0:00:39]} 39. Qe4 {[%emt 0:00:39]} 1-0

[Event "Philip Hogarty Memorial IM 2019"]
[Site "Stillorgan"]
[Date "2019.01.05"]
[Round "6"]
[White "Nilssen, Ellen Fredericia"]
[Black "Melaugh, Shane"]
[Result "0-1"]
[WhiteElo "2181"]
[BlackElo "2169"]
[Annotator "NA"]
[PlyCount "82"]
[EventDate "2019.01.02"]
[EventType "tourn"]
[EventCountry "IRL"]
[SourceTitle "playchess.com"]
[Source "ChessBase"]
[SourceQuality "1"]
[TimeControl "5400+30"]

1. d4 {[%emt 0:00:00]} e6 {[%emt 0:00:00]} 2. c4 {[%emt 0:00:00]} f5 {[%emt 0:00:00]} 3. Nc3 {[%emt 0:01:23]} Nf6 {[%emt 0:00:00]} 4. Nf3 {[%emt 0:01:26]} Bb4 {[%emt 0:00:05]} 5. Qc2 {[%emt 0:01:22]} b6 {[%emt 0:00:10]} 6. Bf4 {[%emt 0:02:00]} Bb7 {[%emt 0:00:06]} 7. h3 {[%emt 0:04:17]} O-O {[%emt 0:03:48]} 8. e3 {[%emt 0:01:00]} d6 {[%emt 0:00:13]} 9. Bh2 {[%emt 0:04:21]} Nbd7 {[%emt 0:00:52]} 10. Bd3 {[%emt 0:00:13]} Qe8 {[%emt 0:01:12]} 11. O-O-O {[%emt 0:00:57]} Bxc3 {[%emt 0:01:15]} 12. Qxc3 {[%emt 0:01:43]} Ne4 {[%emt 0:00:09]} 13. Qc2 {[%emt 0:05:59]} Rc8 {[%emt 0:06:15]} 14. Ng1 {[%emt 0:08:59]} Nef6 {[%emt 0:03:33]} 15. f3 {[%emt 0:01:05]} d5 {[%emt 0:00:27]} 16. c5 {[%emt 0:06:06]} bxc5 {[%emt 0:01:58]} 17. dxc5 {[%emt 0:00:09]} Bc6 {[%emt 0:01:12]} 18. Ba6 {[%emt 0:01:36]} Qe7 {[%emt 0:03:15]} 19. Bxc8 {[%emt 0:01:06]} Rxc8 {[%emt 0:00:04]} 20. Ne2 {[%emt 0:05:16]} Nxc5 {[%emt 0:00:56]} 21. b4 {[%emt 0:01:54]} Na6 {[%emt 0:02:58]} 22. Qxc6 {[%emt 0:00:41]} Nxb4 {[%emt 0:00:06]} 23. Qa4 {[%emt 0:01:38]} c5 {[%emt 0:02:17]} 24. a3 {[%emt 0:05:50]} Nc6 {[%emt 0:00:32]} 25. Kd2 {[%emt 0:01:27]} Nd7 {[%emt 0:00:18]} 26. Ke1 {[%emt 0:01:37]} Nb6 {[%emt 0:00:03]} 27. Qf4 {[%emt 0:03:32]} Nc4 {[%emt 0:01:57]} 28. h4 {[%emt 0:05:20]} h6 {[%emt 0:02:45]} 29. h5 {[%emt 0:01:01]} e5 {[%emt 0:01:12]} 30. Qxf5 {[%emt 0:01:20]} Rf8 {[%emt 0:04:04]} 31. Qd3 {[%emt 0:00:15]} Rd8 {[%emt 0:00:09]} 32. Rb1 {[%emt 0:02:49]} Qh4+ {[%emt 0:00:25]} 33. Ng3 {[%emt 0:04:00]} e4 {[%emt 0:00:43]} 34. Qe2 {[%emt 0:03:55]} N6e5 {[%emt 0:00:21]} 35. Kf1 {[%emt 0:02:05]} Rf8 {[%emt 0:08:22]} 36. f4 {[%emt 0:08:17]} Ng4 {[%emt 0:00:25]} 37. Kg1 {[%emt 0:00:05]} Ngxe3 {[%emt 0:05:16]} 38. Nf1 {[%emt 0:00:22]} Nf5 {[%emt 0:01:37]} 39. Rd1 {[%emt 0:00:40]} Nd4 {[%emt 0:00:30]} 40. Qf2 {[%emt 0:01:01]} Qxh5 {[%emt 0:00:05]} 41. Rc1 {[%emt 0:02:18]} Ne2+ {[%emt 0:00:07]} 0-1

[Event "Philip Hogarty Memorial IM 2019"]
[Site "Stillorgan"]
[Date "2019.01.05"]
[Round "6"]
[White "O`Gorman, Tom"]
[Black "Delaney, Killian"]
[Result "1-0"]
[WhiteElo "2153"]
[BlackElo "2201"]
[Annotator "NA"]
[PlyCount "73"]
[EventDate "2019.01.02"]
[EventType "tourn"]
[EventCountry "IRL"]
[SourceTitle "playchess.com"]
[Source "ChessBase"]
[SourceQuality "1"]
[TimeControl "5400+30"]

1. e4 {[%emt 0:00:00]} c5 {[%emt 0:00:00]} 2. Nf3 {[%emt 0:00:00]} Nc6 {[%emt 0:00:00]} 3. d4 {[%emt 0:00:00]} cxd4 {[%emt 0:00:00]} 4. Nxd4 {[%emt 0:00:00]} e5 {[%emt 0:00:00]} 5. Nb5 {[%emt 0:00:06]} a6 {[%emt 0:00:01]} 6. Nd6+ {[%emt 0:00:07]} Bxd6 {[%emt 0:00:06]} 7. Qxd6 {[%emt 0:00:06]} Qf6 {[%emt 0:00:03]} 8. Qd1 {[%emt 0:01:59]} Qg6 {[%emt 0:01:18]} 9. Nc3 {[%emt 0:01:43]} d5 {[%emt 0:00:10]} 10. Nxd5 {[%emt 0:07:57]} Qxe4+ {[%emt 0:01:25]} 11. Be3 {[%emt 0:02:08]} Nd4 {[%emt 0:00:12]} 12. Nc7+ {[%emt 0:06:11]} Ke7 {[%emt 0:00:18]} 13. Qd3 {[%emt 0:09:37]} Nxc2+ {[%emt 0:30:09]} 14. Kd2 {[%emt 0:00:13]} Qxd3+ {[%emt 0:00:09]} 15. Bxd3 {[%emt 0:00:09]} Nxe3 {[%emt 0:00:03]} 16. Nxa8 {[%emt 0:00:49]} Nxg2 {[%emt 0:05:47]} 17. Rac1 {[%emt 0:01:31]} Nf6 {[%emt 0:05:46]} 18. Nb6 {[%emt 0:03:03]} Be6 {[%emt 0:00:16]} 19. Rc7+ {[%emt 0:03:47]} Kd6 {[%emt 0:00:06]} 20. Rhc1 {[%emt 0:00:07]} e4 {[%emt 0:12:30]} 21. Bf1 {[%emt 0:07:54]} Nh4 {[%emt 0:06:15]} 22. Rxb7 {[%emt 0:01:21]} Nf3+ {[%emt 0:00:21]} 23. Kd1 {[%emt 0:00:26]} Ke5 {[%emt 0:10:25]} 24. Bxa6 {[%emt 0:03:56]} Rd8+ {[%emt 0:00:53]} 25. Kc2 {[%emt 0:01:16]} Rd2+ {[%emt 0:02:13]} 26. Kb1 {[%emt 0:06:01]} Rxf2 {[%emt 0:00:06]} 27. Na4 {[%emt 0:02:08]} Nd5 {[%emt 0:03:06]} 28. Nc5 {[%emt 0:08:03]} Rxh2 {[%emt 0:05:04]} 29. a4 {[%emt 0:12:11]} Bf5 {[%emt 0:03:29]} 30. a5 {[%emt 0:01:08]} e3+ {[%emt 0:00:08]} 31. Bd3 {[%emt 0:00:04]} e2 {[%emt 0:01:35]} 32. Bxf5 {[%emt 0:00:55]} Kxf5 {[%emt 0:00:16]} 33. Rxf7+ {[%emt 0:01:13]} Nf6 {[%emt 0:00:41]} 34. a6 {[%emt 0:00:50]} Rh4 {[%emt 0:04:48]} 35. Re7 {[%emt 0:07:56]} e1=Q {[%emt 0:07:08]} 36. Rexe1 {[%emt 0:01:02]} Nxe1 {[%emt 0:00:08]} 37. a7 {[%emt 0:00:34]} 1-0

[Event "Philip Hogarty Memorial IM 2019"]
[Site "Stillorgan"]
[Date "2019.01.05"]
[Round "7"]
[White "Greet, Andrew N"]
[Black "De Verdier, Michael"]
[Result "0-1"]
[WhiteElo "2420"]
[BlackElo "2277"]
[Annotator "TA"]
[PlyCount "164"]
[EventDate "2019.01.02"]
[EventType "tourn"]
[EventCountry "IRL"]
[SourceTitle "playchess.com"]
[Source "ChessBase"]
[SourceQuality "1"]

{[%evp 9,164,26,43,21,24,24,22,13,22,20,22,25,29,-33,36,35,39,31,25,29,31,40,20,19,23,13,39,0,20,0,0,-240,-243,-223,-237,-231,-231,-195,18,-83,-77,-86,-81,-268,-156,-356,-354,-347,-360,-359,-341,-472,-337,-342,-308,-315,-315,-302,-295,-306,-295,-347,-358,-387,-407,-381,-406,-408,-413,-398,-389,-378,-370,-387,-393,-372,-372,-423,-418,-554,-549,-585,-585,-575,-571,-559,-529,-577,-567,-516,-483,-645,-621,-625,-619,-598,-588,-577,-574,-553,-570,-559,-542,-516,-456,-458,-456,-449,-445,-456,-448,-448,-429,-421,-405,-510,-448,-1018,-843,-11590,-8164,-5608,-5608,-4268,-2774,-29973,-29974,-29972,-29975,-29975,-29976,-29975,-29976,-29977,-29977,-29980,-29981,-29981,-29982,-29982,-29982,-29982,-29983,-29983,-29984,-29984,-29985,-29986,-29986,-29986,-29987,-29989,-29990,-29990,-29991,-29992,-29991]} 1. d4 d5 2. c4 e6 3. Nf3 a6 4. Bg5 Be7 5. Bxe7 Qxe7 {LiveBook: 33 Games} 6. Qc2 {D30: Queen's Gambit Declined: Systems without Nc3} dxc4 $146 ({Predecessor:} 6... Nf6 7. e3 O-O 8. Nbd2 Nc6 9. a3 e5 10. cxd5 Nxd5 11. Bc4 Rd8 12. dxe5 Nxe5 13. Nxe5 Qxe5 {0-1 (27) Berczes,D (2555)-Predojevic,B (2642) Zadar 2011}) 7. Qxc4 b5 8. Qc2 {The position is equal.} Bb7 9. Nbd2 Nf6 10. Rc1 O-O 11. Nb3 (11. Qxc7 $11 Rc8 12. Qxc8+ (12. Qxe7 $2 {is a self mate.} Rxc1#) 12... Bxc8 13. Rxc8+ Ne8 14. e3) 11... Rc8 (11... Nbd7 $15) 12. Nc5 $14 Bxf3 13. gxf3 Nc6 14. e3 e5 15. dxe5 Nxe5 16. Be2 Rd8 17. O-O Rd6 {[%cal Bd8d6,Bd6b6,Bb6g6][%mdl 32]} 18. Nb7 Rb6 19. Na5 Qe6 20. Rfd1 $2 (20. Kh1 $11) 20... Qh3 $1 $19 21. Qxc7 Nd5 $1 {( -> ...Rg6+)} 22. Qxe5 Rg6+ $40 {[%mdl 128] Black has strong attack.} 23. Qg3 Ne7 $2 (23... Rxg3+ $19 24. hxg3 Nxe3 $1 {[%mdl 512]} 25. fxe3 Qxg3+ 26. Kh1 Qf2) 24. Rd6 (24. Bd3 $11 {keeps the balance.} Rxg3+ 25. hxg3) 24... Qxg3+ $17 ({Much worse is} 24... Rxg3+ $6 25. hxg3 Qf5 26. f4 $11) 25. hxg3 Rxd6 26. Rc7 $2 {[#]} (26. Rb1 $17) 26... Kf8 ({Black should try} 26... Rd2 $1 $19 27. Rxe7 Rxe2) 27. a4 $2 (27. Nb3 $17) 27... Rd2 $19 {[%mdl 64] Double Attack} ({Weaker is} 27... bxa4 28. Nc4 $17) 28. Bf1 Rxb2 29. Rb7 Ra2 30. Nb3 Rxa4 31. f4 Rd8 32. Nd4 Ra1 33. Kg2 Rc1 34. Rb6 Ra8 35. Be2 Rc7 36. Bf3 Nc8 37. Rxb5 axb5 38. Bxa8 {[%mdl 4096] Endgame KRN-KBN} b4 39. Kf3 Nb6 40. Be4 Na4 41. Bd5 Nc5 42. Ke2 Rd7 43. Bc4 Rb7 44. Kd1 b3 {[%cal Bb4b3,Bb3b2][%mdl 32]} 45. Kc1 b2+ 46. Kb1 Ne4 47. Bb3 Nxf2 48. Kxb2 Nd1+ 49. Kc2 Nxe3+ 50. Kc3 h5 51. Ne2 Rd7 52. Ba4 Rd6 53. Bb5 Nd5+ 54. Kc4 Nf6 55. Nc3 Rd2 56. Bc6 Rh2 57. Kd4 h4 58. gxh4 Rxh4 59. Ne2 g6 60. Ke3 Kg7 61. Kf2 Nh5 62. Kf3 f5 63. Bb5 (63. Ke3 $142) 63... Kf6 64. Ba6 Rh3+ 65. Kf2 Rb3 66. Kg2 Re3 67. Kf2 {[#]} Rxe2+ $1 {[%mdl 64] Remove Defender. Black mates.} 68. Bxe2 Nxf4 {KB-KN} 69. Bd1 g5 70. Kg3 Nd3 71. Bb3 Ne5 72. Bd5 Kg6 73. Be6 f4+ 74. Kg2 Kf6 75. Bc8 g4 {[%cal Bg5g4,Bg4g3][%mdl 32]} 76. Kf2 Kg5 77. Kg2 Kh4 78. Bb7 g3 79. Bd5 {[#]} f3+ $1 80. Kh1 (80. Bxf3 Nxf3) 80... Kg4 81. Bb7 Kf4 82. Kg1 Nc4 {Accuracy: White = 38%, Black = 81%.} 0-1

[Event "Philip Hogarty Memorial IM 2019"]
[Site "Stillorgan"]
[Date "2019.01.05"]
[Round "7"]
[White "Wall, Gavin"]
[Black "Nilssen, Ellen Fredericia"]
[Result "1-0"]
[WhiteElo "2330"]
[BlackElo "2181"]
[Annotator "NA"]
[PlyCount "57"]
[EventDate "2019.01.02"]
[EventType "tourn"]
[EventCountry "IRL"]
[SourceTitle "playchess.com"]
[Source "ChessBase"]
[SourceQuality "1"]
[TimeControl "5400+30"]

1. e4 {[%emt 0:00:00]} e5 {[%emt 0:00:00]} 2. Nf3 {[%emt 0:00:00]} Nf6 {[%emt 0:00:00]} 3. d4 {[%emt 0:00:35]} exd4 {[%emt 0:02:33]} 4. e5 {[%emt 0:00:22]} Nd5 {[%emt 0:02:28]} 5. Qxd4 {[%emt 0:01:37]} Nb6 {[%emt 0:00:09]} 6. Bf4 {[%emt 0:02:47]} Nc6 {[%emt 0:00:09]} 7. Qe4 {[%emt 0:01:41]} Qe7 {[%emt 0:01:29]} 8. Nc3 {[%emt 0:01:49]} Qb4 {[%emt 0:01:57]} 9. O-O-O {[%emt 0:00:05]} Qxe4 {[%emt 0:01:40]} 10. Nxe4 {[%emt 0:00:02]} Be7 {[%emt 0:02:56]} 11. c4 {[%emt 0:13:12]} d6 {[%emt 0:09:33]} 12. exd6 {[%emt 0:01:54]} cxd6 {[%emt 0:05:12]} 13. Nxd6+ {[%emt 0:00:53]} Bxd6 {[%emt 0:00:13]} 14. Bxd6 {[%emt 0:00:21]} Be6 {[%emt 0:00:40]} 15. Ng5 {[%emt 0:02:38]} O-O-O {[%emt 0:05:48]} 16. Nxe6 {[%emt 0:00:03]} fxe6 {[%emt 0:00:10]} 17. g3 {[%emt 0:00:39]} Rhe8 {[%emt 0:02:23]} 18. b3 {[%emt 0:01:57]} Na8 {[%emt 0:00:11]} 19. Bh3 {[%emt 0:00:15]} Rd7 {[%emt 0:00:56]} 20. Rhe1 {[%emt 0:00:08]} Nd8 {[%emt 0:00:07]} 21. b4 {[%emt 0:10:35]} Nc7 {[%emt 0:00:28]} 22. b5 {[%emt 0:00:30]} g6 {[%emt 0:03:26]} 23. a4 {[%emt 0:00:41]} Rf7 {[%emt 0:00:18]} 24. f4 {[%emt 0:00:19]} Rd7 {[%emt 0:00:18]} 25. c5 {[%emt 0:02:02]} Rf7 {[%emt 0:00:11]} 26. Kc2 {[%emt 0:02:18]} Rd7 {[%emt 0:00:08]} 27. Kb3 {[%emt 0:00:20]} Rf7 {[%emt 0:00:06]} 28. b6 {[%emt 0:00:26]} axb6 {[%emt 0:00:07]} 29. cxb6 {[%emt 0:00:03]} 1-0

[Event "Philip Hogarty Memorial IM 2019"]
[Site "Stillorgan"]
[Date "2019.01.05"]
[Round "7"]
[White "Delaney, Killian"]
[Black "Sodoma, Jan"]
[Result "0-1"]
[WhiteElo "2201"]
[BlackElo "2324"]
[Annotator "NA"]
[PlyCount "40"]
[EventDate "2019.01.02"]
[EventType "tourn"]
[EventCountry "IRL"]
[SourceTitle "playchess.com"]
[Source "ChessBase"]
[SourceQuality "1"]
[TimeControl "5400+30"]

1. c4 {[%emt 0:00:00]} Nf6 {[%emt 0:00:00]} 2. Nc3 {[%emt 0:00:00]} e6 {[%emt 0:00:28]} 3. e4 {[%emt 0:00:03]} c5 {[%emt 0:00:39]} 4. e5 {[%emt 0:02:46]} Ng8 {[%emt 0:00:17]} 5. Nf3 {[%emt 0:00:04]} Nc6 {[%emt 0:00:14]} 6. d4 {[%emt 0:00:05]} cxd4 {[%emt 0:01:49]} 7. Nxd4 {[%emt 0:00:06]} Nxe5 {[%emt 0:06:55]} 8. Ndb5 {[%emt 0:00:18]} d6 {[%emt 0:10:44]} 9. c5 {[%emt 0:03:59]} a6 {[%emt 0:06:47]} 10. cxd6 {[%emt 0:09:58]} axb5 {[%emt 0:00:43]} 11. Nxb5 {[%emt 0:00:05]} f6 {[%emt 0:09:29]} 12. f4 {[%emt 0:02:52]} Nc6 {[%emt 0:03:15]} 13. f5 {[%emt 0:04:35]} Kf7 {[%emt 0:04:50]} 14. Qh5+ {[%emt 0:02:35]} g6 {[%emt 0:00:20]} 15. fxg6+ {[%emt 0:00:04]} Kg7 {[%emt 0:00:27]} 16. gxh7 {[%emt 0:04:20]} Rxh7 {[%emt 0:00:21]} 17. Qg4+ {[%emt 0:00:08]} Kh8 {[%emt 0:00:24]} 18. Qg3 {[%emt 0:00:06]} Nh6 {[%emt 0:02:04]} 19. Bd3 {[%emt 0:01:32]} Nf5 {[%emt 0:00:40]} 20. Qg6 {[%emt 0:00:18]} Ne5 {[%emt 0:02:43]} 0-1